เสน่หาลาติน (Record no. 37560)

MARC details
000 -LEADER
fixed length control field 02867nam a22002177a 4500
003 - CONTROL NUMBER IDENTIFIER
control field TH-BaNU
005 - DATE AND TIME OF LATEST TRANSACTION
control field 20230331105657.0
008 - FIXED-LENGTH DATA ELEMENTS--GENERAL INFORMATION
fixed length control field 230331b2022 TH ||||| |||| 00| 0 tha d
020 ## - INTERNATIONAL STANDARD BOOK NUMBER
International Standard Book Number 9786162401558
040 ## - CATALOGING SOURCE
Original cataloging agency TH-BaNU
100 ## - MAIN ENTRY--PERSONAL NAME
Personal name เอวิตา
245 ## - TITLE STATEMENT
Title เสน่หาลาติน
260 ## - PUBLICATION, DISTRIBUTION, ETC.
Place of publication, distribution, etc. กรุงเทพฯ:
Name of publisher, distributor, etc. กรีนมายด์:
Date of publication, distribution, etc. 2565
300 ## - PHYSICAL DESCRIPTION
Extent 336 หน้า
520 ## - SUMMARY, ETC.
Summary, etc. "อิสรีย์" คิดว่าการขายลูกสาวให้เศรษฐีเพื่อใช้หนี้คงมีแต่ในนิยายน้ำเน่า จนมาเจอกับตัวเอง เธอก็แทบเป็นลม ล้มทั้งยืน แต่ก็ยังทำใจดีสู้เสือ ปฏิบัติตามคำสั่ง เพียงเพราะคำว่ากตัญญู ทว่าเรื่องราวดราม่าครั้งนี้กลับไม่โหดร้ายอย่างที่คิด เมื่อเศรษฐีที่ว่า หล่อ ล่ำ กล้ามโต เรียกได้ว่าเป็นชายในฝัน และงานที่ให้เธอทำใช้หนี้ ก็ง่ายกว่าที่คิด แค่เป็นพี่เลี้ยงแมวกับเป็นพนักงานร้านหนังสือ แต่ชาติไหนล่ะ ถึงจะทำงานใช้หนี้สิบล้านหมด ความฝันบวกกับการรอคอยอย่างลมๆ แล้งๆ ทำให้นึกท้อ และแล้วจู่ๆ วันหนึ่งก็มีลูกค้าหนุ่มหล่อมายื่นข้อเสนอที่ยากจะปฏิเสธ เงินสิบล้านแลกกับสามสิบวันเพื่อพิชิตใจเธอ แทนที่อิสรีย์จะรีบคว้าโอกาสเพื่อความเป็นอิสระ แต่เธอกลับลังเล เมื่อนึกถึงแมว (ที่รัก) หนังสือ (ที่ชอบ) และเขา...เจ้าหนี้ (ที่ใช่) สุดท้ายอิสรีย์จะเลือกใคร ระหว่างเจ้าหนี้ (หัวใจ) กับเจ้าชาย (ขี่ม้าขาว) ต้องติดตาม!
650 ## - SUBJECT ADDED ENTRY--TOPICAL TERM
Topical term or geographic name entry element วรรณกรรม
850 ## - HOLDING INSTITUTION
Holding institution Kuakarun Nursing Library
856 ## - ELECTRONIC LOCATION AND ACCESS
Uniform Resource Identifier <a href="https://se-ed.belibcloud.com/book-detail/18290">https://se-ed.belibcloud.com/book-detail/18290</a>
Link text se-ed e-library
942 ## - ADDED ENTRY ELEMENTS (KOHA)
Source of classification or shelving scheme Local Classification
Koha item type Electronic books
998 ## - STAFF NAME (NMU)
Cataloger bee
Holdings
Withdrawn status Lost status Source of classification or shelving scheme Damaged status Not for loan Home library Current library Shelving location Date acquired Total Checkouts Barcode Date last seen Price effective from Koha item type
    Local Classification   Online Access Kuakarun Nursing Library Kuakarun Nursing Library Processing unit 31/03/2023   eb37560 31/03/2023 31/03/2023 Electronic books